Harry Potter: Tous les épouvantards - Statistiques

Statistiques générales
  • Ce quiz a été pris 504 fois
    384 depuis la dernière actualisation
  • Le résultat moyen est 6 sur 10
Statistiques - réponses
Personages Réponses % Correct
Ron Weasley Araignée Géante
96%
Harry Potter Détraqueur
93%
Neville Londubat Severus Rogue
93%
Remus Lupin Pleine lune
77%
Parvati Patil Momie enveloppée de bandelettes ensanglantées
66%
Seamus Finnigan Spectre de la mort
55%
Hermione Granger McGonagall lui annonçant un échec aux examens
50%
Molly Weasley Cadavre de sa famille
35%
Dean Thomas Main Coupée
13%
Lord Voldemort Son propre cadavre
11%
Aucun quiz correspondant
Distribution des résultats
% des personnes avec chaque résultat
Percentile par nombre de réponses
Votre historique - résultats
Vous n’avez pas pris ce quiz depuis la dernière actualisation